América Latina: aumenta la inversión extranjera en la industria

Kaydedildi:
Detaylı Bibliyografya
Materyal Türü: Metin
Konular:
Etiketler: Etiketle
Etiket eklenmemiş, İlk siz ekleyin!

MARC

LEADER 00000 a a2200000 04500
001 17560
003
040
245 |a América Latina:   |b aumenta la inversión extranjera en la industria  
650 |a INVERSIONES EXTRANJERAS  
650 |a AMERICA LATINA  
773 |g volumen 1, número 19; páginas 1  
999 |c 34175  |d 34175 
773 0 |0 42391  |9 3928  |a Agencia Latinoamericana de Información, ALAI  |d Quito, Ecuador: ALAI  |o 03999  |t ALAI:  |x 08275564 (Servicio mensual de información y documentación)